Secure and Trustworthy Transportation Cyber-Physical Systems

This book comprehensively reviews the cyber security and privacy issues in transportation cyber-physical systems (TCPSs). It examines theories and various state-of-the-art technologies and methodologies. Starting with a survey of the latest solutions in TCPSs, it introduces a smart-transport-system...

Πλήρης περιγραφή

Λεπτομέρειες βιβλιογραφικής εγγραφής
Συγγραφή απο Οργανισμό/Αρχή: SpringerLink (Online service)
Άλλοι συγγραφείς: Sun, Yunchuan (Επιμελητής έκδοσης), Song, Houbing (Επιμελητής έκδοσης)
Μορφή: Ηλεκτρονική πηγή Ηλ. βιβλίο
Γλώσσα:English
Έκδοση: Singapore : Springer Singapore : Imprint: Springer, 2017.
Σειρά:SpringerBriefs in Computer Science,
Θέματα:
Διαθέσιμο Online:Full Text via HEAL-Link
LEADER 03720nam a22005775i 4500
001 978-981-10-3892-1
003 DE-He213
005 20171016202240.0
007 cr nn 008mamaa
008 171016s2017 si | s |||| 0|eng d
020 |a 9789811038921  |9 978-981-10-3892-1 
024 7 |a 10.1007/978-981-10-3892-1  |2 doi 
040 |d GrThAP 
050 4 |a QA76.9.A25 
072 7 |a UR  |2 bicssc 
072 7 |a UTN  |2 bicssc 
072 7 |a COM053000  |2 bisacsh 
082 0 4 |a 005.8  |2 23 
245 1 0 |a Secure and Trustworthy Transportation Cyber-Physical Systems  |h [electronic resource] /  |c edited by Yunchuan Sun, Houbing Song. 
264 1 |a Singapore :  |b Springer Singapore :  |b Imprint: Springer,  |c 2017. 
300 |a XI, 159 p. 41 illus., 35 illus. in color.  |b online resource. 
336 |a text  |b txt  |2 rdacontent 
337 |a computer  |b c  |2 rdamedia 
338 |a online resource  |b cr  |2 rdacarrier 
347 |a text file  |b PDF  |2 rda 
490 1 |a SpringerBriefs in Computer Science,  |x 2191-5768 
505 0 |a Chapter 1 Secure and Trustworthy Transportation Cyber-Physical System by Yunchuan Sun, Lei Wu from Beijing Normal University -- Chapter 2 Smart Transportation Systems: Architecture, Enabling Technologies, and Open Issues by Wei Yu et. al. from Towson University, USA -- Chapter 3 Properties, Principles & Metrics in Transportation CPS by Syed Hassan Ahmed from Kyungpook National University, South Korea -- Chapter 4 Privacy relevant issues for Transportation CPS by Zhipeng Cai from Georgia State University, USA -- Chapter 5 Trust Management in Transportation CPS by Wenjia Li, et. al. from New York Institute of Technology, USA -- Chapter 6 Secure Data Dissemination for Intelligent Transportation Systems by Li Sun and Qinghe Du,from Xi'an Jiaotong University -- Chapter 7 Tools & Practices by Xuerong Cui. 
520 |a This book comprehensively reviews the cyber security and privacy issues in transportation cyber-physical systems (TCPSs). It examines theories and various state-of-the-art technologies and methodologies. Starting with a survey of the latest solutions in TCPSs, it introduces a smart-transport-system architecture design based on cyber-physical systems. It then discusses in detail the principles and metrics of evaluating safety and privacy in TCPSs and elaborates the verification and analysis of secure, robust and trustworthy TCPSs. Moreover, it demonstrates the advanced and novel tools commonly used in practice by several researchers. Lastly it provides an exhaustive case study on the authentication and attestation in TCPSs. This book is of interest not only to readers in the field of TCPSs, but also to those in interdisciplinary fields, such as energy, healthcare, bio-engineering etc. 
650 0 |a Computer science. 
650 0 |a Computer communication systems. 
650 0 |a Computer security. 
650 0 |a Data encryption (Computer science). 
650 0 |a Quality control. 
650 0 |a Reliability. 
650 0 |a Industrial safety. 
650 0 |a Electrical engineering. 
650 1 4 |a Computer Science. 
650 2 4 |a Systems and Data Security. 
650 2 4 |a Computer Communication Networks. 
650 2 4 |a Communications Engineering, Networks. 
650 2 4 |a Data Encryption. 
650 2 4 |a Quality Control, Reliability, Safety and Risk. 
700 1 |a Sun, Yunchuan.  |e editor. 
700 1 |a Song, Houbing.  |e editor. 
710 2 |a SpringerLink (Online service) 
773 0 |t Springer eBooks 
776 0 8 |i Printed edition:  |z 9789811038914 
830 0 |a SpringerBriefs in Computer Science,  |x 2191-5768 
856 4 0 |u http://dx.doi.org/10.1007/978-981-10-3892-1  |z Full Text via HEAL-Link 
912 |a ZDB-2-SCS 
950 |a Computer Science (Springer-11645)